Electronic principles (Record no. 3804)

000 -LEADER
fixed length control field 00418nam a22001937a 4500
001 - CONTROL NUMBER
control field 3804
003 - CONTROL NUMBER IDENTIFIER
control field BD-DhUET
008 - FIXED-LENGTH DATA ELEMENTS--GENERAL INFORMATION
fixed length control field 0
020 ## - INTERNATIONAL STANDARD BOOK NUMBER
International Standard Book Number 007099479X
040 ## - CATALOGING SOURCE
Transcribing agency 0
Modifying agency BD-DhUET
082 ## - DEWEY DECIMAL CLASSIFICATION NUMBER
Classification number 623.81
Item number MAL/1984
100 ## - MAIN ENTRY--PERSONAL NAME
Personal name Malvino, Albert Paul
245 ## - TITLE STATEMENT
Title Electronic principles
250 ## - EDITION STATEMENT
Edition statement 3rd ed.
260 ## - PUBLICATION, DISTRIBUTION, ETC. (IMPRINT)
Place of publication, distribution, etc. New York
Name of publisher, distributor, etc. McGraw-Hill
Date of publication, distribution, etc. 1984
300 ## - PHYSICAL DESCRIPTION
Extent xiv, 754 p.
Other physical details ill.
650 #0 - SUBJECT ADDED ENTRY--TOPICAL TERM
Topical term or geographic name as entry element Electronics
942 ## - ADDED ENTRY ELEMENTS (KOHA)
Koha item type General Book
Holdings
Location (home branch) Koha date last borrowed Damaged status Price effective from Copy number Sublocation or collection (holding branch) Koha issues (times borrowed) Withdrawn status Source of classification or shelving scheme Not for loan Koha normalized classification for sorting Lost status Koha date last seen Koha item type Shelving location Date acquired Koha full call number Piece designation (barcode)
Central Library, BUET  2014-11-051Central Library, BUET    623_810000000000000_MAL_1984 2014-11-05General BookCirculation section2014-11-05623.81/MAL/198479623
Central Library, BUET  2014-11-052Central Library, BUET    623_810000000000000_MAL_1984 2014-11-05General BookCirculation section2014-11-05623.81/MAL/198479815
Central Library, BUET2021-09-07 2014-11-053Central Library, BUET3   623_810000000000000_MAL_1984 2022-03-05General BookCirculation section2014-11-05623.81/MAL/198479813
Central Library, BUET  2014-11-054Central Library, BUET    623_810000000000000_MAL_1984 2014-11-05General BookCirculation section2014-11-05623.81/MAL/198479814
Central Library, BUET  2014-12-015Central Library, BUET    623_810000000000000_MAL_1984 2014-12-01General BookCirculation section2014-12-01623.81/MAL/198479624
Central Library, BUET  2015-02-126Central Library, BUET    623_810000000000000_MAL_1984 2015-02-12General BookCirculation section2015-02-12623.81/MAL/198469392
Central Library, BUET  2015-06-287Central Library, BUET    623_810000000000000_MAL_1984 2015-06-28Reading ItemReading section2015-06-28623.81/MAL/198476926
Central Library, BUET  2015-07-018Central Library, BUET    623_810000000000000_MAL_1984 2015-07-01Reading ItemReading section2015-07-01623.81/MAL/198464232
Central Library, BUET  2015-07-019Central Library, BUET    623_810000000000000_MAL_1984 2015-07-01Reading ItemReading section2015-07-01623.81/MAL/198464233